header

Denver (Record no. 66375)

MARC details
000 -LEADER
fixed length control field 01735nam a2200409 a 4500
082 04 - DEWEY DECIMAL CLASSIFICATION NUMBER
Classification number 978.8/83
245 00 - TITLE STATEMENT
Title Denver
260 ## - PUBLICATION, DISTRIBUTION, ETC. (IMPRINT)
Place of publication Boulder, Colo. :
Name of publisher University Press of Colorado,
Year of publication c2008.
300 ## - PHYSICAL DESCRIPTION
Number of Pages xii, 273 p. :
Other physical details ill., maps.
490 1# - SERIES STATEMENT
Series statement Timberline books
500 ## - GENERAL NOTE
General note Originally published: Philadelphia : University of Pennsylvania Press, c2001.
650 #0 - SUBJECT ADDED ENTRY--TOPICAL TERM
Topical Term Frontier and pioneer life
Topical Term Indians of North America
700 1# - ADDED ENTRY--PERSONAL NAME
Personal name Nelson, Sarah M.,
856 40 - ELECTRONIC LOCATION AND ACCESS
Uniform Resource Identifier http://site.ebrary.com/lib/rucke/Doc?id=10333617

No items available.

© 2026 Rongo University
Contact us: librarian | system librarian | Rongo university